000 00738nam a2200241Ia 4500
003 OSt
005 20220926021005.0
006 a|||||r|||| 00| 0
007 ta
008 220923b |||||||| |||| 00| 0 eng d
037 _cGeneral Book
040 _aRTL
_cRTL
_beng
041 _2eng
_aeng
082 _aH.161.N8, M5
100 _aStanley Daniel Jean Ed.
_9325531
245 0 _aGeological evolution of the medi-terranean basin
260 _aNew York
_bSpringer-Verlage U S A
_c1985
300 _axxviii,589p.
_ccm.
650 _aGeology
_915465
700 _a Wezel Forese Carlo Ed.
_9325532
942 _hH.161.N8, M5
_cGB
_2CC
999 _c635396
_d635396